Normal view
MARC view
Entry Personal Name
001 - CONTROL NUMBER
- control field: 18171
003 - CONTROL NUMBER IDENTIFIER
- control field: OSt
005 - DATE AND TIME OF LATEST TRANSACTION
- control field: 20151125124345.0
008 - FIXED-LENGTH DATA ELEMENTS
- fixed length control field: 151125|| aca||aabn | a|a d
040 ## - CATALOGING SOURCE
- Original cataloging agency: OSt
- Transcribing agency: OSt
100 ## - HEADING--PERSONAL NAME
- Personal name: Jha,D.C.
670 ## - SOURCE DATA FOUND
- Source citation: Work cat.: (OSt): Jha,D.C., Mahatma Gandhid The Congress and The Partition of India









